Countries Justin Trudeau Has Been To As Prime Minister - Statistics

General Stats
  • This quiz has been taken 46 times
    36 since last reset
  • The average score is 14 of 37
Answer Stats
Number Of Visits Country Year Of First Trip % Correct
Home Country Canada ---------
100%
5 Visits United Kingdom 2015
100%
20 Visits United States 2016
100%
8 Visits France 2015
96%
3 Visits Germany 2017
96%
1 Visits Mexico 2017
91%
1 Visits Italy 2017
78%
3 Visits Japan 2016
78%
2 Visits China 2016
74%
3 Visits Belgium 2016
61%
1 Visits Poland 2016
52%
1 Visits India 2018
48%
1 Visits Ireland 2017
48%
2 Visits Switzerland 2016
48%
1 Visits Israel 2016
43%
1 Visits Cuba 2016
35%
1 Visits Turkey 2015
35%
2 Visits Argentina 2016
30%
1 Visits Ukraine 2016
30%
1 Visits Vatican City 2017
26%
1 Visits Vietnam 2017
26%
1 Visits Singapore 2018
22%
1 Visits Costa Rica 2019
17%
2 Visits Peru 2016
17%
2 Visits Philippines 2015
17%
1 Visits Bahamas 2016
13%
1 Visits Armenia 2018
4%
1 Visits Ethiopia 2020
4%
1 Visits Kuwait 2020
4%
1 Visits Latvia 2018
4%
1 Visits Liberia 2016
0%
1 Visits Madagascar 2016
0%
1 Visits Mali 2018
0%
1 Visits Malta 2015
0%
1 Visits Papua New Guinea 2018
0%
1 Visits Saint Kitts and Nevis 2015
0%
1 Visits Senegal 2020
0%
No matching quizzes found
Score Distribution
Percent of People with Each Score
Percentile by Number Answered
Your Score History
You have not taken this quiz since the last reset